000 00845nam a2200253Ia 4500
003 OSt
005 20220923224624.0
006 a|||||r|||| 00| 0
007 ta
008 220922b |||||||| |||| 00| 0 san d
024 _a247,972
037 _cTextual
040 _aARTS
_cARTS
_bsan
041 _2san
_asan
082 _aO15,1N151,3, M1
100 _aअय्यर, टी. वी. परमेश्वर
_9168149
245 0 _aआभाणक मज्जरी
246 _aĀbhāṇak majjarī
260 _aनयी दिल्ली
_b देववाणी - परिषद्
_c1981
300 _a35पृ0
_ccm.
650 _aसंस्कृत साहित्य
942 _hO15,1N151,3, M1
_cTEXL
_2CC
999 _c372572
_d372572